000
00279nam a2200121Ia 4500
005
20251222155209.0
008
251222s9999||||xx |||||||||||||| ||spa||
082
_a
MAN.89
100
_a
Ministerio de Salud
245
0
_a
Tuberculosis en el PerĂº
264
_b
Minsa
942
_c
LIB
999
_c
40217
_d
40217